|
|
|
|
| LEADER |
00000nab a2200000 a 4500 |
| 001 |
vtls000734847 |
| 003 |
SK-MaSNL |
| 005 |
20260302193523.0 |
| 008 |
180205c2000 xo 0 slo |
| 015 |
|
|
|a SNBRB2000/10-25410
|
| 035 |
|
|
|a CLN000086715
|
| 040 |
|
|
|a SNKBUCL
|b slo
|c SNKBUCL
|e AACR2
|
| 041 |
0 |
|
|a slo
|
| 044 |
|
|
|a xo
|c SK
|
| 080 |
|
|
|a 334(437.6)
|2 UDC-MRF-SK2
|
| 100 |
1 |
|
|a Rybár, Marián
|4 aut
|9 807555
|
| 245 |
1 |
0 |
|a Družstevníctvo - významný nástroj reštrukturalizácie a modernizácie
|b z príhovoru predsedu DÚ SR M. Rybára pri príležitosti osláv Medzinárodného družstevného dňa v Nitre 19. 8. 2000
|
| 611 |
1 |
7 |
|a Medzinárodný družstevný deň
|n (78. :
|d 2000 :
|c Nitra, Slovensko)
|2 snkbucl
|9 19264
|
| 650 |
0 |
7 |
|a družstevníctvo
|2 snkbucl
|9 2134
|
| 655 |
|
7 |
|a články z novín a časopisov
|2 snkbucl
|9 267496
|
| 773 |
0 |
|
|t Výrobné družstevníctvo
|g Roč. 46, č. 18 (2000), s. 8
|
| 850 |
|
|
|a Slovenská národná knižnica v Martine
|
| 852 |
|
|
|a SNK
|b KIS3GCP
|
| 958 |
|
|
|a RBX
|
| 999 |
|
|
|c 1444913
|d 1446843
|